Normal view
MARC view
Entry Topical Term
001 - CONTROL NUMBER
- control field: 33141
003 - CONTROL NUMBER IDENTIFIER
- control field: ARRUPE
005 - DATE AND TIME OF LATEST TRANSACTION
- control field: 20170718111842.0
008 - FIXED-LENGTH DATA ELEMENTS
- fixed length control field: 170718|| aca||aabn | a|a d
040 ## - CATALOGING SOURCE
- Original cataloging agency: ARRUPE
- Transcribing agency: ARRUPE
150 ## - HEADING--TOPICAL TERM
- Topical term or geographic name as entry element: Philosophy
- Chronological subdivision: 17th century
- General subdivision: Modern
670 ## - SOURCE DATA FOUND
- Source citation: Work cat.: (ARRUPE)6249: A companion to early modern philosophy /, 2002.